000 03227nam a2200361 4500
999 _c896
_d896
020 _a9781107402317
022 _a9780511492556
022 _a 9780511250736
022 _a9780511249693
022 _a0511250738
022 _a0511249144
022 _a 6610703833
022 _a9780511249143
022 _a 0511249691
022 _a9786610703838
022 _a 0511248067
022 _a0511250207
022 _a9780511250200
022 _a0511492553
022 _a9780511248061
050 _aHF5437
_b.H66
100 _a Nicola Dimitri; Gustavo Piga; Giancarlo Spagnolo
245 _aHandbook of procurement
_c Nicola Dimitri; Gustavo Piga; Giancarlo Spagnolo
260 _a UK ; New York :
_bCambridge University Press,
_c 2006.
300 _a (xv, 544 pages :
_b illustrations)
_c23cm
_e1 online resource
500 _aIncludes index
505 _aIntroduction / Nicola Dimitri, Gustavo Piga and Giancarlo Spagnolo -- The variety of procurement practice : evidence from public procurement / Laura Carpineti, Gustavo Piga and Matteo Zanza -- When should procurement be centralized? / Nicola Dimitri, Federico Dini and Gustavo Piga -- Procurement contracting strategies / Gian Luigi Albano, Giacomo Calzolari, Federico Dini, Elisabetta Iossa and Giancarlo Spagnolo -- Incentives and award procedures : competitive tendering vs. negotiations in procurement / Patrick Bajari and Steve Tadelis -- Competitive tendering strategies -- Information and competitive tendering / Gian Luigi Albano, Nicola Dimitri, Riccardo Pacini, Giancarlo Spagnolo -- Division in lots and competition in procurement / Veronika Grimm, Riccardo Pacini, Giancarlo Spagnolo and Matteo Zanza -- Multi-contract tendering procedures and package bidding in procurement / Nicola Dimitri, Riccardo Pacini, Marco Pagnozzi and Giancarlo Spagnolo -- Dynamic auctions in procurement / Lawrence M. Ausubel and Peter Cramton -- Attracting and screening participants -- Pricing and other business strategies for e-procurement platforms / Bruno Jullien -- Fostering participation / Gian Luigi Albano, Nicola Dimitri, Isabelle Perrigne and Gustavo Piga -- Scoring rules / Federico Dini, Riccardo Pacini, Tommaso Valletti -- Managing risky bids / Andreas Engel, Juan-José Ganuza, Esther Hauk and Achim Wambach -- Preventing collusion and corruption -- Preventing collusion in procurement / Gian Luigi Albano, Paolo Buccirossi, Giancarlo Spagnolo and Matteo Zanza -- Bidding rings and the design of anti-collusive measures for auctions and procurements / William E. Kovacic, Robert C. Marshall, Leslie M. Marx and Matthew E. Raiff -- Corruption in procurement auctions / Yvan Lengwiler and Elmar Wolfstetter -- Dynamic forces and innovation -- Managing dynamic procurements / Tracy R. Lewis and Huseyin Yildirim -- Designing reputation mechanisms / Chrysanthos Dellarocas, Federico Dini and Giancarlo Spagnolo -- Procuring innovations / Luis Cabral, Guido Cozzi, Vincenzo Denicolo, Giancarlo Spagnolo and Matteo Zanza.
650 _a Purchasing -
_x Purchasing departments.
650 _a Industrial procurement.
_x Management.
700 _a Gustavo Piga;
710 _aGiancarlo Spagnolo
942 _cBK